LEADER 04815nam 22005175 450 001 9910584476803321 005 20240923151753.0 010 $a9783031050466 010 $a3031050460 024 7 $a10.1007/978-3-031-05046-6 035 $a(MiAaPQ)EBC7043293 035 $a(Au-PeEL)EBL7043293 035 $a(CKB)24242672900041 035 $a(MiFhGG)9783031050466 035 $a(DE-He213)978-3-031-05046-6 035 $a(EXLCZ)9924242672900041 100 $a20220712d2022 u| 0 101 0 $aeng 135 $aurcnu|||||||| 181 $ctxt$2rdacontent 182 $cc$2rdamedia 183 $acr$2rdacarrier 200 10$a45 Conversations About Behavioral Economics $eAn Interdisciplinary Discussion Crossing Business, Public Policy, Sociology, and Psychology /$fby Li Way Lee, Aaron Keathley 205 $a1st ed. 2022. 210 1$aCham :$cSpringer International Publishing :$cImprint: Palgrave Macmillan,$d2022. 215 $a1 online resource (163 pages) 225 1 $aPalgrave pivot 311 08$aPrint version: Lee, Li Way 45 Conversations about Behavioral Economics Cham : Springer International Publishing AG,c2022 9783031050459 320 $aIncludes bibliographical references and index. 327 $aPart 1: Supply -- Chapter 1: Networks in a Firm: Why Firms -- Chapter 2: Networks in a Firm: Gabrielle's Barber Shop -- Chapter 3: Networks in a Firm: Separation of Ownership and Control -- Chapter 4: Networks in a Firm: Board of Directors -- Chapter 5: Fragility: The Urge to Build an Empire -- Chapter 6: Fragility: Leverage -- Chapter 7: Fragility: Skin in the Game -- Chapter 8: Complexity: Your Favorite Processed Food -- Chapter 9: Complexity: The Complexity Fever -- Chapter 10: Similarity: Models of Similarity -- Chapter 11: Similarity: Matters of History and Luck -- Chapter 12: Networks among Firms: Best Network for Collusion -- Chapter 13: Networks among Firms: Gary Dinners -- Chapter 14: Externalities: You Can't Own Air -- Chapter 15: Externalities: The Flint Disaster -- Part 2: Demand -- Chapter 16: Demand by Head: Discounting the Future You -- Chapter 17: Demand by Head: To Marry or Not to Marry -- Chapter 18: Demand by Heart: Gambling -- Chapter 19: Demand by Heart: The Marshmallow Test -- Chapter 20: Demand under Peer Pressure: Picking Your Shoes -- Chapter 21: Demand under Peer Pressure: Your Last Hangover -- Chapter 22: Demand under Risk and Uncertainty: Insurance on Your Dream Car -- Chapter 23: Demand under Risk and Uncertainty: Fast and Frugal Way to Make Money -- Chapter 24: Demand Nudges: Nudges in Supermarket -- Chapter 25: Demand Nudges: Wanna Health and Funeral Insurances? -- Chapter 26: Demand Norms: Picking Your College and Major -- Chapter 27: Demand Norms: Keep and Return Equilibriums -- Chapter 28: Demand Bubbles: Tulip and Other Famous Bubbles -- Chapter 29: Demand Bubbles: Demand by Robots -- Part 3: Market -- Chapter 30: Regulators: Truth in Labelling -- Chapter 31: Regulators: Regulation, Regulation Everywhere -- Chapter 32: Trustbusters: DuPont and GM Then -- Chapter 33: Trustbusters: Big Techs Now -- Chapter 34: Scammers: Ponzi Scheme -- Chapter 35: Scammers: Enron Scheme -- Chapter 36: Creative Destructors: Tesla and Impossible Burger -- Chapter 37: Creative Destructors: Creative Destruction Everywhere -- Chapter 38: Raiders: Your Favorite Corporate Raider -- Chapter 39: Raiders: Four Defenses Against Raiders -- Part 4: Happiness -- Chapter 40: Income: Inequality USA -- Chapter 41: Income: Easterlin Paradox -- Chapter 42: Income: Hedonic Treadmill -- Chapter 43: Justice: Capuchin Justice -- Chapter 44: Justice: Utilitarian and Pareto Principles -- Chapter 45: Justice: Gross National Happiness. . 330 $aThe hallmark of this book is its conversational format. The conversations are organic: no jargons, no additives such as equations and tables. Each conversation comes in bite-size, taking no more than ten minutes to digest. Li Way Lee is a professor emeritus at Wayne State University, USA. He is a founding member of the Society for the Advancement of Behavioral Economics (SABE). Aaron Keathley is an undergraduate student at Wayne State University, USA. He plays lacrosse on the university team, helps with food banks in Detroit, and immerses himself in behavioral economics and political science. 410 0$aPalgrave pivot. 606 $aEconomics$xPsychological aspects 606 $aBehavioral Economics 615 0$aEconomics$xPsychological aspects. 615 14$aBehavioral Economics. 676 $a330.019 676 $a330.019 700 $aLee$b Li Way$0892317 801 0$bMiAaPQ 801 1$bMiAaPQ 801 2$bMiAaPQ 906 $aBOOK 912 $a9910584476803321 996 $a45 Conversations about Behavioral Economics$92901623 997 $aUNINA LEADER 03284nam 2200673Ia 450 001 9910437769703321 005 20251116165523.0 010 $a9786613936370 010 $a9781283623926 010 $a1283623927 010 $a9781461442806 010 $a146144280X 024 7 $a10.1007/978-1-4614-4280-6 035 $a(CKB)2560000000090394 035 $a(EBL)994311 035 $a(OCoLC)803973899 035 $a(SSID)ssj0000745861 035 $a(PQKBManifestationID)11411476 035 $a(PQKBTitleCode)TC0000745861 035 $a(PQKBWorkID)10860174 035 $a(PQKB)11496647 035 $a(DE-He213)978-1-4614-4280-6 035 $a(MiAaPQ)EBC994311 035 $a(PPN)168299763 035 $a(EXLCZ)992560000000090394 100 $a20120723h20122013 uy 0 101 0 $aeng 135 $aur|n|---||||| 181 $ctxt 182 $cc 183 $acr 200 10$aCMOS integrated capacitive DC-DC converters /$fTom Van Breussegem, Michiel Steyaert 205 $a1st ed. 2013. 210 $aNew York, NY $cSpringer$d2012, c2013 215 $a1 online resource (218 p.) 225 0 $aAnalog circuits and signal processing 300 $aDescription based upon print version of record. 311 08$a9781489989369 311 08$a1489989366 311 08$a9781461442790 311 08$a1461442796 320 $aIncludes bibliographical references. 327 $aIntroduction -- Converter Topologies and Fundamentals -- Modeling and Design of Capacitive DC-DC Converters -- Noise Reduction by Multi-phase Interleaving and Fragmentation -- Control of Fully Integrated Capacitive Converters -- Monolithic Integration of DC-DC Converters in CMOS -- DC-DC Converter Prototypes -- Conclusions. . 330 $aThis book provides a detailed analysis of all aspects of capacitive DC-DC converter design: topology selection, control loop design and noise mitigation. Readers will benefit from the authors? systematic overview that starts from the ground up, in-depth circuit analysis and a thorough review of recently proposed techniques and design methodologies.  Not only design techniques are discussed, but also implementation in CMOS is shown, by pinpointing the technological opportunities of CMOS and demonstrating the implementation based on four state-of-the-art prototypes.  Provides a detailed analysis of all aspects of capacitive DC-DC converter design;  Analyzes the potential of this type of DC-DC converter and introduces a number of techniques to unleash their full potential; Combines system theory with practical implementation techniques; Includes unique analysis of CMOS technology for this application; Provides in-depth analysis of four fabricated prototypes. 410 0$aAnalog Circuits and Signal Processing,$x1872-082X 606 $aDC-to-DC converters 606 $aElectric current converters 615 0$aDC-to-DC converters. 615 0$aElectric current converters. 676 $a621.3815 700 $aBreussegem$b Tom van$01866395 701 $aSteyaert$b Michiel$f1959-$0766817 801 0$bMiAaPQ 801 1$bMiAaPQ 801 2$bMiAaPQ 906 $aBOOK 912 $a9910437769703321 996 $aCMOS integrated capacitive DC-DC converters$94473789 997 $aUNINA